The Toyota way to continuous improvement : (Record no. 59203)

MARC details
000 -LEADER
fixed length control field 01219nam a22003257a 4500
005 - DATE AND TIME OF LATEST TRANSACTION
control field 20111209135131.0
008 - FIXED-LENGTH DATA ELEMENTS--GENERAL INFORMATION
fixed length control field 111209t xxu||||| |||| 00| 0 eng d
010 ## - LCCN (DPL NO)
LC control number ENG-104301
020 ## - INTERNATIONAL STANDARD BOOK NUMBER
International Standard Book Number 9781259002014
Terms of availability 495.00
020 ## - INTERNATIONAL STANDARD BOOK NUMBER
International Standard Book Number 1259002012
Terms of availability 495.00
035 ## - SYSTEM CONTROL NUMBER
System control number EN -87834
037 ## - SOURCE OF ACQUISITION
Source of stock number/acquisition DBAD/PUB
040 ## - CATALOGING SOURCE
Original cataloging agency DPL
Language of cataloging Eng
082 ## - DEWEY DECIMAL CLASSIFICATION NUMBER
Classification number 658.401
100 ## - MAIN ENTRY--PERSONAL NAME
9 (RLIN) 36352
Personal name Liker, Jeffrey K.
245 ## - TITLE STATEMENT
Title The Toyota way to continuous improvement :
Statement of responsibility, etc by Jeffrey K. Liker [and] James K. Franz
Remainder of title linking strategy and operational excellence to achieve superior performance /
260 ## - PUBLICATION, DISTRIBUTION, ETC. (IMPRINT)
Place of publication, distribution, etc New Delhi
Name of publisher, distributor, etc Tata McGraw Hill
Date of publication, distribution, etc 2011
270 ## - ADDRESS
Address 7 West Patel Nagar
City New Delhi
Postal code 110008
300 ## - PHYSICAL DESCRIPTION
Extent xxvii,450p
Dimensions 23cm (pbk)
500 ## - GENERAL NOTE
General note Includes index
600 ## - SUBJECT ADDED ENTRY--PERSONAL NAME
9 (RLIN) 36476
610 ## - SUBJECT ADDED ENTRY--CORPORATE NAME
9 (RLIN) 36477
650 ## - SUBJECT ADDED ENTRY--TOPICAL TERM
9 (RLIN) 36353
Topical term or geographic name as entry element Production management
650 ## - SUBJECT ADDED ENTRY--TOPICAL TERM
9 (RLIN) 36481
Topical term or geographic name as entry element Industrial productivity
650 ## - SUBJECT ADDED ENTRY--TOPICAL TERM
Topical term or geographic name as entry element Corporate culture.
9 (RLIN) 36753
650 ## - SUBJECT ADDED ENTRY--TOPICAL TERM
Topical term or geographic name as entry element Industrial management.
9 (RLIN) 36754
700 ## - ADDED ENTRY--PERSONAL NAME
9 (RLIN) 36394
Personal name Franz, James K.
942 ## - ADDED ENTRY ELEMENTS (KOHA)
Source of classification or shelving scheme Dewey Decimal Classification
Item type English Books
Call number suffix LIK
Classification part 658.401
Holdings
Withdrawn status Lost status Source of classification or shelving scheme Damaged status Not for loan Collection code Home library Current library Date acquired Source of acquisition Cost, normal purchase price Total Checkouts Full call number Barcode Date last seen Copy number Cost, replacement price Koha item type
    Dewey Decimal Classification   Not For Loan Non-fiction D.B.Act.Division D.B.Act.Division 09/12/2011 DBAD/PUB 495.00   658.401 LIK EN -87834 09/12/2011 1 495.00 English Books

© Delhi Public Library
Hit Counter
free hit counter